000 01042nam a22002657a 4500
999 _c12526
_d12526
003 AR-CdUCM
008 190409b ||||| |||| 00| 0 spa d
020 _a978-9972-691-86-7
040 _aMUNICIPALIDAD PROVINCIAL DEL CUSCO
_cBIBLIOTECA MUNICIPAL DEL CUSCO
082 _aC / 305.898 /
_bA43
100 _aAllen, Catherine J.
_930400
245 _aLa coca sabe :
_bcoca e identidad cultural en una comunidad andina /
260 _aCuzco :
_bCBC,
_c2008.
300 _a372 páginas ;
_c24 cm.
440 _aAntropología ;
_n11
_930401
505 _aContenido: Agua, piedras y luz: una cosmología -- La red de reciprocidad -- Y entonces, en ese sol el ayllu -- La coca sabe -- Bebiendo juntos ...
650 _aIndígenas del Perú
_95715
650 _aVida y costumbres sociales
_9857
650 _aCoca
_921158
650 _aAspectos sociales
_9262
650 _aRitos y ceremonias
_97065
710 _aCentro de Estudios Regionales Andinos Bartolomé de Las Casas (Cusco)
_93306
942 _2ddc
_cLIBROS
945 _aacv
_d2019-04-09